| 000 | 00811cam a2200205 4500 | ||
|---|---|---|---|
| 001 | WB3604-22 | ||
| 008 | 000000n2000 000 0 eng u | ||
| 035 | _a(Sirsi) u103765 | ||
| 245 | _aLettings need new lease of life | ||
| 260 | _c2000 | ||
| 490 |
_aFinancial Times _v 21 January 2000 24(1) |
||
| 520 | _aAccording to a report studying the relative performance of single and multi-let properties by Legal & General Investment Management the higher total returns on multi-lets shows these buildings have a greater capital growth. The article discusses the advantages of multi-let properties. | ||
| 590 | _aWB | ||
| 650 | _aMULTI-LET BUILDINGS | ||
| 650 | _aLONG LEASES | ||
| 650 | _aLEASEHOLD MANAGEMENT | ||
| 650 | _aINVESTMENT PERFORMANCE | ||
| 690 | _aLANDLORD AND TENANT-LEASES | ||
| 942 | _n0 | ||
| 999 |
_c62314 _d62314 |
||